[Event "IECG CA.2002.0.00056 email"]
[Site "IECG email"]
[Date "2003.04.23"]
[Round "?"]
[White "Schwarz, Frank"]
[Black "Gonzales, Carlos"]
[Result "1-0"]
[WhiteElo "2162"]
[BlackElo "2010"]
[PlyCount "51"]
[EventDate "2002.06.19"]
[EventType "tourn (corr)"]
[EventRounds "6"]
[SourceTitle "Corr 2008"]
[Source "ChessBase"]
[SourceDate "2008.06.24"]
[SourceVersion "1"]
[SourceVersionDate "2008.06.24"]
[SourceQuality "1"]

1. Nf3 d5 2. g3 c6 3. Bg2 Bg4 4. 0-0 Nd7 5. d3 e6 6. Nbd2 Bd6 7. h3 Bh5 8. e4 Ne7 9. Re1 Qc7 10. Qe2 Ng6 11. c3 0-0 12. d4 e5 13. exd5 cxd5 14. dxe5 Ndxe5 15. Qf1 Nxf3+ 16. Nxf3 Ne7 17. Nd4 a6 18. Bg5 Rad8 19. Bxe7 Bxe7 20. f4 h6 21. Re5 Bg6 22. Rxd5 Rxd5 23. Bxd5 Rd8 24. Bg2 Bc5 25. Rd1 b5 26. a3 1-0

[Event "IECG CA.2002.0.00056 email"]
[Site "IECG email"]
[Date "2002.11.25"]
[Round "?"]
[White "Guzman, Carlos M"]
[Black "Gonzales, Carlos"]
[Result "1-0"]
[WhiteElo "2083"]
[BlackElo "2010"]
[PlyCount "39"]
[EventDate "2002.06.19"]
[EventType "tourn (corr)"]
[EventRounds "6"]
[SourceTitle "Corr 2008"]
[Source "ChessBase"]
[SourceDate "2008.06.24"]
[SourceVersion "1"]
[SourceVersionDate "2008.06.24"]
[SourceQuality "1"]

1. d4 Nf6 2. c4 e6 3. Nf3 b6 4. g3 Bb7 5. Bg2 c5 6. dxc5 bxc5 7. 0-0 Be7 8. Nc3 0-0 9. Bf4 d6 10. Nb5 e5 11. Bg5 Ne8 12. Bxe7 Qxe7 13. Qd2 Nc6 14. Nh4 f5 15. f4 Nd4 16. fxe5 Bxg2 17. Nxg2 dxe5 18. e3 Qg5 19. Rad1 a6 20. Nxd4 1-0

[Event "IECG CA.2002.0.00056 email"]
[Site "IECG email"]
[Date "2002.11.17"]
[Round "?"]
[White "Oestergaard, Allan"]
[Black "Gonzales, Carlos"]
[Result "1-0"]
[WhiteElo "2135"]
[BlackElo "2010"]
[PlyCount "33"]
[EventDate "2002.06.19"]
[EventType "tourn (corr)"]
[EventRounds "6"]
[SourceTitle "Corr 2008"]
[Source "ChessBase"]
[SourceDate "2008.06.24"]
[SourceVersion "1"]
[SourceVersionDate "2008.06.24"]
[SourceQuality "1"]

1. e4 c6 2. d4 d5 3. Nc3 dxe4 4. Nxe4 Bf5 5. Ng3 Bg6 6. Bc4 e6 7. Nf3 Nd7 8. 0-0 Ngf6 9. Re1 Be7 10. a4 0-0 11. c3 h6 12. Bf4 Nb6 13. Ba2 Nbd5 14. Bd2 b5 15. Ne5 Qc8 16. Nxg6 fxg6 17. Qe2 1-0

[Event "IECG CA.2002.0.00059 email"]
[Site "IECG email"]
[Date "2002.07.08"]
[Round "?"]
[White "Gonzales, Carlos"]
[Black "Ross, Steve"]
[Result "1/2-1/2"]
[WhiteElo "2010"]
[BlackElo "2050"]
[PlyCount "58"]
[EventDate "2002.07.08"]
[EventType "tourn (corr)"]
[EventRounds "5"]
[SourceTitle "Corr 2008"]
[Source "ChessBase"]
[SourceDate "2008.06.24"]
[SourceVersion "1"]
[SourceVersionDate "2008.06.24"]
[SourceQuality "1"]

1. d4 f5 2. Bg5 h6 3. Bh4 g5 4. e3 Nf6 5. Bg3 e6 6. h4 g4 7. Ne2 b6 8. Nf4 Ne4 9. Bb5 c6 10. Bd3 Nxg3 11. fxg3 Qf6 12. 0-0 d5 13. Qe2 e5 14. dxe5 Qxe5 15. Ng6 Qxb2 16. Nxh8 Qxh8 17. Nd2 Qe5 18. e4 fxe4 19. Nxe4 dxe4 20. Bxe4 Bd6 21. Rad1 Ke7 22. Rfe1 Be6 23. Qd2 Qxg3 24. Qxh6 Qh2+ 25. Kf1 Nd7 26. Bf5 Qh1+ 27. Kf2 Bc5+ 28. Kg3 Bd6+ 29. Kf2 Bc5+ 1/2-1/2

[Event "IECG CA.2002.0.00053 email"]
[Site "IECG email"]
[Date "2002.05.28"]
[Round "?"]
[White "Guinsburg, Marcelo Fabian"]
[Black "Gonzales, Carlos"]
[Result "1-0"]
[WhiteElo "2153"]
[BlackElo "2010"]
[PlyCount "39"]
[EventDate "2002.05.28"]
[EventType "tourn (corr)"]
[EventRounds "5"]
[SourceTitle "Corr 2008"]
[Source "ChessBase"]
[SourceDate "2008.06.24"]
[SourceVersion "1"]
[SourceVersionDate "2008.06.24"]
[SourceQuality "1"]

1. e4 d6 2. d4 Nf6 3. Nc3 g6 4. Bg5 c6 5. f4 Qb6 6. Qd2 Qxb2 7. Rb1 Qa3 8. e5 Nd5 9. Rb3 Qa5 10. exd6 exd6 11. Nxd5 Qxd2+ 12. Kxd2 cxd5 13. Bf6 Rg8 14. Bb5+ Nc6 15. Nf3 Kd7 16. Re1 h6 17. Rbe3 Kc7 18. Re8 a6 19. Ba4 b5 20. Bb3 1-0

[Event "IECG CA.2002.0.00051 email"]
[Site "IECG email"]
[Date "2002.05.21"]
[Round "?"]
[White "Dutra Neto, Alfredo Carlos S"]
[Black "Gonzales, Carlos"]
[Result "1-0"]
[WhiteElo "2141"]
[BlackElo "2010"]
[PlyCount "49"]
[EventDate "2002.05.21"]
[EventType "tourn (corr)"]
[EventRounds "6"]
[SourceTitle "Corr 2008"]
[Source "ChessBase"]
[SourceDate "2008.06.24"]
[SourceVersion "1"]
[SourceVersionDate "2008.06.24"]
[SourceQuality "1"]

1. e4 d6 2. d4 Nf6 3. Nc3 g6 4. f4 Bg7 5. Nf3 0-0 6. Bd3 Nc6 7. 0-0 Nb4 8. Be2 b6 9. a3 Na6 10. e5 Ne8 11. Qe1 c5 12. Be3 cxd4 13. Nxd4 e6 14. Bf3 d5 15. Rd1 Bb7 16. g4 Nc5 17. g5 Nd7 18. Bg2 Rc8 19. Rf3 h5 20. gxh6 Bxh6 21. f5 Nxe5 22. Bxh6 Nxf3+ 23. Bxf3 Ng7 24. Qe5 f6 25. Qg3 1-0

[Event "IECG RB.2002.0.00008"]
[Site "IECG email"]
[Date "2002.01.16"]
[Round "?"]
[White "Gonzales, Carlos"]
[Black "Malmstroem, Jan"]
[Result "0-1"]
[WhiteElo "1968"]
[BlackElo "1940"]
[PlyCount "27"]
[EventDate "2002.01.16"]
[EventType "tourn (corr)"]
[EventRounds "6"]
[SourceTitle "Corr 2008"]
[Source "ChessBase"]
[SourceDate "2008.06.24"]
[SourceVersion "1"]
[SourceVersionDate "2008.06.24"]
[SourceQuality "1"]

1. d4 Nf6 2. c4 g6 3. Nc3 Bg7 4. e4 d6 5. Nf3 c5 6. dxc5 Qa5 7. Nd2 dxc5 8. Be2 0-0 9. 0-0 Nc6 10. Nb3 Qb6 11. Bg5 Rd8 12. Nd5 Nxd5 13. cxd5 Qc7 14. Nxc5 0-1

[Event "IECC CL2-2001.44"]
[Site "IECC email"]
[Date "2001.12.09"]
[Round "?"]
[White "Gonzales, Carlos"]
[Black "Sanmartino, Gianluca"]
[Result "1/2-1/2"]
[WhiteElo "1913"]
[BlackElo "1764"]
[PlyCount "49"]
[EventDate "2001.??.??"]
[EventType "tourn (corr)"]
[EventRounds "4"]
[SourceTitle "Corr 2008"]
[Source "ChessBase"]
[SourceDate "2008.06.24"]
[SourceVersion "1"]
[SourceVersionDate "2008.06.24"]
[SourceQuality "1"]

1. d4 Nf6 2. c4 e6 3. Nc3 Bb4 4. f3 d5 5. a3 Bxc3+ 6. bxc3 c5 7. cxd5 Nxd5 8. dxc5 Qa5 9. e4 Ne7 10. Be3 0-0 11. Qb3 Nbc6 12. Rd1 Qc7 13. f4 e5 14. f5 Na5 15. Qa4 Nac6 16. Bb5 Bd7 17. Ne2 a6 18. Bd3 Nd4 19. Qb4 Nxe2 20. Bxe2 f6 21. 0-0 Bc6 22. Rd6 Rad8 23. Rfd1 Kh8 24. Qb1 Nc8 25. R6d3 1/2-1/2

[Event "IECG RA.2001.0.00007"]
[Site "IECG email"]
[Date "2001.11.22"]
[Round "?"]
[White "Marcotulli, Giancarlo"]
[Black "Gonzales, Carlos"]
[Result "1/2-1/2"]
[WhiteElo "1998"]
[BlackElo "1921"]
[PlyCount "58"]
[EventDate "2001.11.22"]
[EventType "tourn (corr)"]
[EventRounds "6"]
[SourceTitle "Corr 2008"]
[Source "ChessBase"]
[SourceDate "2008.06.24"]
[SourceVersion "1"]
[SourceVersionDate "2008.06.24"]
[SourceQuality "1"]

1. e4 e6 2. d4 d5 3. Nd2 c5 4. exd5 exd5 5. Bb5+ Bd7 6. Bxd7+ Nxd7 7. Ne2 Ngf6 8. 0-0 Bd6 9. dxc5 Nxc5 10. Nf3 0-0 11. Be3 Re8 12. Re1 Nce4 13. h3 Qd7 14. Ned4 Rad8 15. Qd3 a6 16. c3 g6 17. Nb3 Nh5 18. Rad1 Qf5 19. a4 Qd7 20. a5 Qa4 21. Qc2 Bc7 22. Ra1 Qd7 23. Qd3 Qd6 24. Ra4 Nf4 25. Bxf4 Qxf4 26. Rd4 Qf5 27. Rb4 Qd7 28. Rd1 Qc8 29. Qc2 Bb8 1/2-1/2

[Event "IECG RA.2001.0.00007"]
[Site "IECG email"]
[Date "2001.11.22"]
[Round "?"]
[White "Van Seben, Edgar"]
[Black "Gonzales, Carlos"]
[Result "1-0"]
[WhiteElo "2138"]
[BlackElo "1921"]
[PlyCount "39"]
[EventDate "2001.11.22"]
[EventType "tourn (corr)"]
[EventRounds "6"]
[SourceTitle "Corr 2008"]
[Source "ChessBase"]
[SourceDate "2008.06.24"]
[SourceVersion "1"]
[SourceVersionDate "2008.06.24"]
[SourceQuality "1"]

1. d4 e6 2. c4 b6 3. Nc3 Bb7 4. a3 f5 5. d5 Nf6 6. g3 Na6 7. Bg2 Nc5 8. Nh3 a5 9. 0-0 Be7 10. Bf4 Qc8 11. Nb5 d6 12. b4 Na6 13. bxa5 bxa5 14. Qa4 0-0 15. Qxa5 exd5 16. cxd5 Ne4 17. Be3 Bf6 18. Rab1 Rf7 19. Na7 Rxa7 20. Bxa7 1-0

[Event "IECC CL2-2001.38"]
[Site "IECC email"]
[Date "2001.11.01"]
[Round "?"]
[White "Gonzales, Carlos"]
[Black "Maloberti, David"]
[Result "0-1"]
[WhiteElo "1942"]
[BlackElo "2125"]
[PlyCount "44"]
[EventDate "2001.??.??"]
[EventType "tourn (corr)"]
[EventRounds "4"]
[SourceTitle "Corr 2008"]
[Source "ChessBase"]
[SourceDate "2008.06.24"]
[SourceVersion "1"]
[SourceVersionDate "2008.06.24"]
[SourceQuality "1"]

1. d4 Nf6 2. c4 g6 3. Nc3 Bg7 4. e4 d6 5. Nf3 0-0 6. Be2 e5 7. 0-0 Nc6 8. d5 Ne7 9. Nd2 Ne8 10. b4 f5 11. c5 Nf6 12. f3 f4 13. Nc4 g5 14. g4 fxg3 15. hxg3 h6 16. Kg2 b6 17. cxd6 cxd6 18. Nb5 Qd7 19. Nbxd6 Qh3+ 20. Kf2 Ng4+ 21. Ke1 Qxg3+ 22. Kd2 Nh2 0-1

[Event "IECC CL2-2001.35"]
[Site "IECC email"]
[Date "2001.10.07"]
[Round "?"]
[White "Del Pozo Hernandez, Jose Maria"]
[Black "Gonzales, Carlos"]
[Result "1-0"]
[WhiteElo "1808"]
[BlackElo "1985"]
[PlyCount "45"]
[EventDate "2001.??.??"]
[EventType "tourn (corr)"]
[EventRounds "4"]
[SourceTitle "Corr 2008"]
[Source "ChessBase"]
[SourceDate "2008.06.24"]
[SourceVersion "1"]
[SourceVersionDate "2008.06.24"]
[SourceQuality "1"]

1. e4 e6 2. d4 d5 3. Nd2 dxe4 4. Nxe4 Be7 5. Nf3 Nf6 6. Bd3 Nbd7 7. 0-0 Nxe4 8. Bxe4 c5 9. Be3 Nf6 10. Bd3 Qb6 11. Qe2 0-0 12. c3 Bd7 13. Ne5 Bc6 14. Rad1 Rfd8 15. dxc5 Qc7 16. Nxc6 Qxc6 17. Bd4 a6 18. Rfe1 Kf8 19. b4 h6 20. f4 g6 21. g4 Nd5 22. Be4 Nxf4 23. Qf3 1-0

[Event "IECG RB.2001.0.00006"]
[Site "IECG email"]
[Date "2001.09.23"]
[Round "?"]
[White "Fricot, Frederic"]
[Black "Gonzales, Carlos"]
[Result "0-1"]
[WhiteElo "1911"]
[BlackElo "1910"]
[PlyCount "23"]
[EventDate "2001.09.23"]
[EventType "tourn (corr)"]
[EventRounds "6"]
[SourceTitle "Corr 2008"]
[Source "ChessBase"]
[SourceDate "2008.06.24"]
[SourceVersion "1"]
[SourceVersionDate "2008.06.24"]
[SourceQuality "1"]

1. e4 e6 2. d4 d5 3. Nc3 Bb4 4. e5 c5 5. a3 Bxc3+ 6. bxc3 Ne7 7. Qg4 0-0 8. Bd3 Qa5 9. Bd2 Nbc6 10. Nf3 f5 11. exf6 Rxf6 12. Qh5 0-1

[Event "SEMI A015 email"]
[Site "SEMI email"]
[Date "2000.12.20"]
[Round "?"]
[White "Migliorini, Roberto"]
[Black "Gonzales, Carlos"]
[Result "1/2-1/2"]
[WhiteElo "1980"]
[BlackElo "2000"]
[PlyCount "78"]
[EventDate "2000.12.20"]
[EventType "tourn (corr)"]
[EventRounds "6"]
[EventCountry "ITA"]
[SourceTitle "Corr 2008"]
[Source "ChessBase"]
[SourceDate "2008.06.24"]
[SourceVersion "1"]
[SourceVersionDate "2008.06.24"]
[SourceQuality "1"]

1. Nf3 d5 2. d4 Nf6 3. e3 g6 4. Bd3 Bg7 5. Nbd2 c5 6. c3 Nc6 7. dxc5 0-0 8. 0-0 Bg4 9. Be2 Rc8 10. b4 a5 11. a3 Bxf3 12. Bxf3 Ne4 13. Nxe4 dxe4 14. Bxe4 Bxc3 15. Rb1 Qxd1 16. Rxd1 Rfd8 17. Rxd8+ Rxd8 18. Kf1 axb4 19. axb4 Bxb4 20. Ke2 Bxc5 21. Rxb7 Ne5 22. f4 Ng4 23. h3 Nf6 24. Bf3 Rd7 25. Rb5 Rc7 26. Bb2 Bd6 27. Rb8+ Kg7 28. Rb6 h6 29. g4 g5 30. h4 Rc5 31. Bd4 Ra5 32. fxg5 hxg5 33. h5 Bc5 34. Bxf6+ exf6 35. Rb3 Ra2+ 36. Kd1 f5 37. gxf5 Rf2 38. e4 f6 39. Ke1 Bd4 1/2-1/2

[Event "IECG C1.2000.0.00324"]
[Site "IECG email"]
[Date "2000.11.30"]
[Round "?"]
[White "Gonzales, Carlos"]
[Black "Oancea, Gheorghe"]
[Result "0-1"]
[WhiteElo "2000"]
[BlackElo "2000"]
[PlyCount "86"]
[EventDate "2000.11.30"]
[EventType "tourn (corr)"]
[EventRounds "6"]
[SourceTitle "Corr 2008"]
[Source "ChessBase"]
[SourceDate "2008.06.24"]
[SourceVersion "1"]
[SourceVersionDate "2008.06.24"]
[SourceQuality "1"]

1. d4 g6 2. e4 Bg7 3. Nc3 d6 4. Be3 Nf6 5. Nf3 0-0 6. Qd2 Bg4 7. Ng5 Bd7 8. h4 Nc6 9. d5 Ne5 10. f3 Nh5 11. Qf2 h6 12. Nh3 f5 13. 0-0-0 f4 14. Bd4 c5 15. dxc6 bxc6 16. Qd2 Kh7 17. Be2 Be6 18. a3 c5 19. Bf2 Rb8 20. b3 Qa5 21. Na4 Qxa4 22. bxa4 Nc4 23. Bxc4 Bb2+ 24. Kb1 Bxc4 25. Qd5 Bxa3+ 26. Ka1 Bb2+ 27. Kb1 Bg7+ 28. Kc1 Bxd5 29. Rxd5 Rb4 30. Kd2 Rfb8 31. a5 Ra4 32. Rxh5 gxh5 33. Nxf4 Ra3 34. Nxh5 Bc3+ 35. Ke2 Bxa5 36. Rc1 Ra2 37. Ng3 Bb4 38. Kd3 Ba3 39. Rf1 Rbb2 40. Rc1 c4+ 41. Kc3 a5 42. Be3 e6 43. Ne2 Rb8 0-1